A history of medieval philosophy

In this classic work, Frederick C. Copleston, S.J., outlines the development of philosophical reflection in Christian, Islamic, and Jewish thought from the ancient world to the late medieval period. A History of Medieval Philosophy is an invaluable general introduction that also includes longer trea...

תיאור מלא

שמור ב:
מידע ביבליוגרפי
מחבר ראשי: Copleston, F. C.
פורמט: ספר
שפה:Undetermined
יצא לאור: London Methuen 1972
נושאים:
תגים: הוספת תג
אין תגיות, היה/י הראשונ/ה לתייג את הרשומה!
Thư viện lưu trữ: Trung tâm Học liệu Trường Đại học Cần Thơ
LEADER 00886nam a2200193Ia 4500
001 CTU_219207
008 210402s9999 xx 000 0 und d
082 |a 189 
082 |b C784 
100 |a Copleston, F. C. 
245 2 |a A history of medieval philosophy 
245 0 |c F. C. Copleston 
260 |a London 
260 |b Methuen 
260 |c 1972 
520 |a In this classic work, Frederick C. Copleston, S.J., outlines the development of philosophical reflection in Christian, Islamic, and Jewish thought from the ancient world to the late medieval period. A History of Medieval Philosophy is an invaluable general introduction that also includes longer treatments of such leading thinkers as Aquinas, Scotus, and Ockham. 
650 |a Philosophy, Medieval,Triết học, thời trung cổ 
904 |i Qhieu 
980 |a Trung tâm Học liệu Trường Đại học Cần Thơ